mythologie - Statistiques

Statistiques générales
  • Ce quiz a été pris 37 fois
    20 depuis la dernière actualisation
  • Le résultat moyen est 9 sur 13
Statistiques - réponses
Par images Réponse % Correct
yéti
100%
licorn
94%
méduse
94%
poseidon
94%
zeus
94%
athena
89%
cerbère
89%
dragon chinois
89%
sirène
83%
neptune
44%
frankestein
22%
milo
17%
krampus
11%
Aucun quiz correspondant
Distribution des résultats
% des personnes avec chaque résultat
Percentile par nombre de réponses
Votre historique - résultats
Vous n’avez pas pris ce quiz depuis la dernière actualisation